Finis les paroles - Werenoi - Statistiques

Statistiques générales
  • Ce quiz a été pris 1 260 fois
  • Le résultat moyen est 8 sur 10
Statistiques - réponses
Hint Réponse % Correct
Parfois faut jouer le rôle du con pour tromper l’con qui croit que t’es.... con
92%
Les gens avec qui tu marches, faut que tu saches que c’est eux les... pires
89%
Ils feront tout pour m’ressembler, ils ont pas peur pour leur... santé
88%
La réussite se compte en années, les défaites en.... heures
87%
Le plus malin, c’est pas celui qui l’ouvre non, c’est celui qui s’..... tait
81%
Plus rien à prouver, on a tout fait, allez :..... Ciao
74%
Une amitié qui vaut l’prix d’la location, t’es payé en couteaux dans l’dos à l’.... occasion
69%
J’fais des еrreurs donc je les paye, j’fais des sous sales donc je les... perds
68%
Et j’crois qu’on est maudits, on a connu l’amour là où la haine se... paye
65%
Ma gueule, d’où je viens, on mange les requins avec les... arêtes
46%
Aucun quiz correspondant
Distribution des résultats
% des personnes avec chaque résultat
Percentile par nombre de réponses
Votre historique - résultats
Vous n’avez pas pris ce quiz